00399nam a22001337a 4500008004100000040005500041080001300096245003400109260003700143300001600180650002100196653001700217700003100234230707b |||||||| |||| 00| 0 eng d aNational Science LibrarycNational Science Library aD 02(05) aAdvances in librarianship b  aLondon: bAcademic Press, c1998 axiii, 434p. aLibrary Science  aLibrary role aLynden, Frederick C (Ed.)